[Event "Lippe Cup 06th"]
[Site "Lieme"]
[Date "2009.10.18"]
[Round "4"]
[White "Gefnider, Andreas"]
[Black "Scholz, Michael"]
[Result "1-0"]
[WhiteElo "1694"]
[BlackElo "1386"]
[PlyCount "59"]
[EventDate "2009.10.16"]
[EventType "swiss"]
[EventRounds "5"]
[EventCountry "GER"]
[SourceTitle "EXT 2013"]
[Source "ChessBase"]
[SourceDate "2012.11.22"]
[SourceVersion "1"]
[SourceVersionDate "2012.11.22"]
[SourceQuality "1"]

1. e4 c5 2. Nf3 Nc6 3. d4 cxd4 4. Nxd4 Nf6 5. Nc3 d6 6. Bb5 Bd7 7. 0-0 a6 8. Nxc6 Bxc6 9. Bd3 e6 10. Qe2 Qc7 11. f4 Be7 12. Rf3 0-0 13. Rh3 e5 14. Nd5 Bxd5 15. fxe5 dxe5 16. exd5 Qc5+ 17. Be3 Qxd5 18. Rd1 Qc6 19. Bg5 Qc5+ 20. Kh1 g6 21. b4 Qc7 22. Qf2 Ng4 23. Qh4 Nf2+ 24. Qxf2 Bxg5 25. Re1 Rfe8 26. Rf3 Re7 27. h4 Bh6 28. h5 gxh5 29. Rg3+ Bg7 30. Qf6 1-0

[Event "GER-ch U25 op"]
[Site "Willingen"]
[Date "2009.06.06"]
[Round "9"]
[White "Holle, Eric"]
[Black "Gefnider, Andreas"]
[Result "0-1"]
[WhiteElo "1735"]
[BlackElo "1653"]
[PlyCount "42"]
[EventDate "2009.05.30"]
[EventType "swiss"]
[EventRounds "9"]
[EventCountry "GER"]
[SourceTitle "EXT 2010"]
[Source "ChessBase"]
[SourceDate "2010.11.25"]
[SourceVersion "1"]
[SourceVersionDate "2010.11.25"]
[SourceQuality "1"]

1. e4 e5 2. Nc3 Nf6 3. f4 exf4 4. e5 Ng8 5. Nf3 d6 6. Bc4 Nc6 7. d4 dxe5 8. d5 Na5 9. Bd3 Bb4 10. Nxe5 Bxc3+ 11. bxc3 Nf6 12. c4 c6 13. Ba3 cxd5 14. cxd5 Qxd5 15. 0-0 Be6 16. Qe2 Nc6 17. Bb5 a6 18. Bxc6+ bxc6 19. Rxf4 Rd8 20. c4 Qa5 21. Qf3 Qxe5 0-1

[Event "GER-ch U25 op"]
[Site "Willingen"]
[Date "2009.06.01"]
[Round "3"]
[White "Kyas, Marcel"]
[Black "Gefnider, Andreas"]
[Result "1-0"]
[WhiteElo "2106"]
[BlackElo "1653"]
[PlyCount "85"]
[EventDate "2009.05.30"]
[EventType "swiss"]
[EventRounds "9"]
[EventCountry "GER"]
[SourceTitle "EXT 2010"]
[Source "ChessBase"]
[SourceDate "2010.11.25"]
[SourceVersion "1"]
[SourceVersionDate "2010.11.25"]
[SourceQuality "1"]

1. d4 d5 2. c4 e6 3. Nf3 Nf6 4. g3 c6 5. Qc2 Be7 6. Bg2 0-0 7. 0-0 Nbd7 8. Rd1 Re8 9. b3 Ne4 10. Bb2 Ndf6 11. Ne5 Bd7 12. c5 h6 13. f3 Ng5 14. e4 Qc7 15. Nd2 Rad8 16. Nd3 dxe4 17. fxe4 Ng4 18. Nf1 Nf6 19. Ne5 Bc8 20. Ne3 Ngh7 21. Rf1 Rf8 22. N3c4 Nd7 23. Nd3 Nhf6 24. Bc1 g5 25. Bd2 b6 26. Bb4 Nb8 27. Bc3 Nbd7 28. b4 Ba6 29. Bb2 Ng4 30. Rae1 Ngf6 31. Rf3 Nh5 32. Nf2 Nhf6 33. a3 Rfe8 34. Nd6 Rf8 35. e5 Nd5 36. Nfe4 Kg7 37. Bc1 Bc8 38. Ref1 f5 39. exf6+ N7xf6 40. Qe2 Nxe4 41. Rf7+ Rxf7 42. Rxf7+ Kg8 43. Qxe4 1-0